Normal view
MARC view
- البغدادي، عبد القادر بن عمر؛ تحقيق مزاحم علي عشيش البعاج؛ مالك علي عشيش البعاج؛ مراجعة عمر محمد ديارنة
Entry Personal Name
001 - CONTROL NUMBER
- control field: 24369
003 - CONTROL NUMBER IDENTIFIER
- control field: JO-AjAnu
005 - DATE AND TIME OF LATEST TRANSACTION
- control field: 20230606074158.0
008 - FIXED-LENGTH DATA ELEMENTS
- fixed length control field: 230606|| aca||aabn | a|a d
040 ## - CATALOGING SOURCE
- Original cataloging agency: JO-AjAnu
- Transcribing agency: JO-AjAnu
100 ## - HEADING--PERSONAL NAME
- Personal name: البغدادي، عبد القادر بن عمر؛ تحقيق مزاحم علي عشيش البعاج؛ مالك علي عشيش البعاج؛ مراجعة عمر محمد ديارنة
670 ## - SOURCE DATA FOUND
- Source citation: Work cat.: (JO-AjAnu)12531: البغدادي، عبد القادر بن عمر؛ تحقيق مزاحم علي عشيش البعاج؛ مالك علي عشيش البعاج؛ مراجعة عمر محمد ديارنة, author, كتاب تراجم الأدباء، ج1